000 01294nam a22001937a 4500
999 _c57244
_d57244
003 Ge_BSU
005 20200127162857.0
008 200127s2005 ||||| |||| 00| 0 geo d
041 _ageo
080 _a341.231.14 ა-63
245 _aადამიანის უფლებათა ევროპის სასამართლო წამების წინააღმდეგ :
_bპრეცედენტული საქმეები /
_cპროექტის ავტ. და მთ. რედ. ფრიდონ საყვარელიძე ; რედ. ნინო კალანდარიშვილი.
264 _aთბილისი :
_b"პლურალიზმი",
_c2005.
300 _a220 გვ. ;
_c20 სმ.
653 _aადამიანის ძირითადი უფლებები. საერთაშორისო სასამართლოები
653 _aსამართალი
700 _aსაყვარელიძე, ფრიდონ
_eპროექტის ავტორი და მთავარი რედაქტორი
_96412
700 _aკალანდარიშვილი, ნინო
_eრედაქტორი
_96413
942 _2udc
_cBK